000 00579nmm a2200169Ia 4500
008 251105s9999||||xx |||||||||||||||||und||
020 _a9788476589502
041 _aspa
100 _aMartín-Barbero, Jesús
245 0 _aDe los medios a las mediaciones :
_b Comunicación, cultura y hegemonia
264 _a[Madrid, España] :
_bAnthropos,
_c2010
300 _a333 páginas
490 _aPensamiento crítico / Pensamiento utópico: crítica y utopía
650 _aMedia Studies (Journ., TV, etc)
856 _uhttps://public.digitaliapublishing.com/a/13321
942 _cCF
999 _c85262
_d85262